España ante la socialización económica (Record no. 146056)

MARC details
000 -LEADER
campo de control de longitud fija 00563nam a2200181 i 4500
001 - NÚMERO DE CONTROL
campo de control 146056
003 - IDENTIFICADOR DE NÚMERO DE CONTROL
campo de control ES-MaACL
005 - FECHA Y HORA DE LA ÚLTIMA TRANSACCIÓN
campo de control 20250319063309.0
007 - CAMPO FIJO DE DESCRIPCIÓN FÍSICA--INFORMACIÓN GENERAL
campo de control de longitud fija t|
008 - DATOS DE LONGITUD FIJA--INFORMACIÓN GENERAL
campo de control de longitud fija 071018s1970 sp ||||1| spa d
100 ## - ENTRADA PRINCIPAL--NOMBRE DE PERSONA
Nombre de persona Velarde Fuertes, Juan,
9 (RLIN) 236903
Fechas asociadas al nombre 1927-2023
245 10 - MENCIÓN DEL TÍTULO
Título España ante la socialización económica
Resto del título : una primera aproximación /
Mención de responsabilidad, etc. Juan Velarde Fuertes.
260 ## - PUBLICACIÓN, DISTRIBUCIÓN, ETC.
Lugar de publicación, distribución, etc. [Algorta (Vizcaya) :
Nombre del editor, distribuidor, etc. Zero,
Fecha de publicación, distribución, etc. 1970]
300 ## - DESCRIPCIÓN FÍSICA
Extensión 167 p. ;
Dimensiones 20 cm.
852 ## - LOCALIZACIÓN
Ubicación ES-MaACL
Número de control de estantería C-48545
Sublocalización o colección R.73816
942 ## - ELEMENTOS DE ENTRADA SECUNDARIOS (KOHA)
Fuente del sistema de clasificación o colocación Clasificación decimal universal
Holdings
Estatus retirado Estado de pérdida Estado de daño No para préstamo Biblioteca de origen Biblioteca actual Ubicación en estantería Fecha de adquisición Fuente de adquisición Total de préstamos Signatura topográfica completa Código de barras Visto por última vez Precio de reemplazo Tipo de ítem Koha
        Biblioteca del Ateneo de Madrid Biblioteca del Ateneo de Madrid Depósito 2 17/01/2008     C-48545 1152449 23/02/2023 23/02/2023 Libro impreso